| 000 | 00598nam a2200205Ia 4500 | ||
|---|---|---|---|
| 003 | OSt | ||
| 005 | 20220925232633.0 | ||
| 006 | a|||||r|||| 00| 0 | ||
| 007 | ta | ||
| 008 | 220923b |||||||| |||| 00| 0 eng d | ||
| 037 | _cGeneral Book | ||
| 040 |
_aRTL _cRTL _beng |
||
| 041 |
_2eng _aeng |
||
| 082 | _aX:99T-75.213.N6t, K8 | ||
| 245 | 0 |
_aReturned us aid participants _b An evaluation study . |
|
| 260 |
_aMysore _bDirectorate of evaluation and man power _c1968 |
||
| 300 |
_aiv,51p _ccm. |
||
| 942 |
_hX:99T-75.213.N6t, K8 _cGB _2CC |
||
| 999 |
_c591749 _d591749 |
||